| 000 | 00807nam a2200277Ia 4500 | ||
|---|---|---|---|
| 001 | Para_7794 | ||
| 003 | CHAP | ||
| 008 | 220125s1979 xx 000 0 und d | ||
| 010 | _a206429 | ||
| 040 | _cCHAP | ||
| 082 | _aPA 595.7 I5 | ||
| 245 |
_aInforme técnico del Departamento de Entomología / _c por Departamento de Entomología INIA |
||
| 260 |
_aMéxico, D. F. : _b Instituto Nacional de Investigaciones Agrícolas |
||
| 300 | _av. | ||
| 500 | _aLa biblioteca tiene: 1971; 1975; 1976 | ||
| 650 |
_aContarinia sorghicola _927432 |
||
| 650 |
_aEntomología _937113 |
||
| 650 |
_aInsectos _958888 |
||
| 901 | _aPA 595.7 I5 | ||
| 902 | _aA | ||
| 905 | _a000000197- 0000000000 00 | ||
| 910 | _a197- | ||
| 942 | _cPARA | ||
| 942 |
_cPARA _d1 |
||
| 999 |
_c206429 _d206429 |
||